000 00504nam a2200181Ia 4500
003 IN-BaIIA
008 211028s9999 xx 000 0 eng d
040 _cIIA Library
080 _a524.83
_bSIN
100 _aSingh, Jagjit
_95690
245 0 _aGreat ideas and theories of modern cosmology
_cJagjit Singh
260 _aNew York
_bDover Publications
_c1961
300 _axii, 276p.
650 _aAstronomy and astrophysics thesaurus
650 _aCosmology
650 _aUniverse
_91987
942 _cBK
999 _c3204
_d3204